|
|
|
|
| LEADER |
01099nam a2200313 4500 |
| 001 |
41275 |
| 003 |
BD-DhAAL |
| 005 |
20230718130731.0 |
| 008 |
230718u1971 nyu bs 000 0 eng d |
| 010 |
|
|
|a 73132530
|
| 020 |
|
|
|a 0030862159
|
| 040 |
|
|
|a DLC
|c DLC
|d DLC
|d BD-DhAAL
|
| 050 |
0 |
0 |
|a HD5706
|b .R38
|
| 082 |
0 |
0 |
|a 331.1208
|
| 245 |
0 |
0 |
|a Readings in labor market analysis /
|c edited by John F. Burton ... [et al.].
|
| 260 |
|
|
|a New York,
|b Holt, Rinehart and Winston
|c 1971.
|
| 300 |
|
|
|a xiii, 523 pages ;
|c 26 cm.
|
| 490 |
0 |
|
|a Economic series
|
| 504 |
|
|
|a Includes bibliographical references.
|
| 541 |
|
|
|a Donated By Akbar Ali Khan
|e 41275
|
| 650 |
|
0 |
|a Labor supply.
|
| 650 |
|
0 |
|a Wages.
|9 6992
|
| 650 |
|
0 |
|a Economics.
|
| 700 |
1 |
|
|a Burton, John F.,
|e comp.
|9 55120
|
| 830 |
|
|
|a Economic series
|9 46576
|
| 852 |
|
|
|a Ayesha Abed Library
|c Akbar Ali Khan Collection
|
| 942 |
|
|
|2 ddc
|c BK
|
| 999 |
|
|
|c 45996
|d 45996
|
| 952 |
|
|
|0 0
|1 0
|2 ddc
|4 0
|6 331_120800000000000_REA
|7 1
|9 74084
|a BRACUL
|b BRACUL
|c AAKC
|d 2023-07-18
|e Donated By Akbar Ali Khan
|l 0
|o 331.1208 REA
|p 3010041275
|r 2023-07-18
|t 1
|w 2023-07-18
|y BK
|